Online Catalogue and eLibrary

Solar kalaththu koyillum samugamum (Record no. 3573)

MARC details
000 -LEADER
fixed length control field 00469nam a2200157Ia 4500
005 - DATE AND TIME OF LATEST TRANSACTION
control field 20250429083116.0
008 - FIXED-LENGTH DATA ELEMENTS--GENERAL INFORMATION
fixed length control field 240331s9999 xx 000 0 und d
020 ## - INTERNATIONAL STANDARD BOOK NUMBER
ISBN 9789556590986
082 ## - DDC Classification
Item Number - Author Mark MAH
Class No. 294
100 ## - MAIN ENTRY--PERSONAL NAME
Personal name Maheswaran,V
245 #0 - TITLE STATEMENT
Title Solar kalaththu koyillum samugamum
260 ## - PUBLICATION, DISTRIBUTION, ETC.
Place of publication, distribution, etc. Colombo - Chennai
Name of publisher, distributor, etc. Kumaran Book House
Date of publication, distribution, etc. 2008
300 ## - PHYSICAL DESCRIPTION
Extent (e.g. Volumes, Pages etc.) xxi, 355 p .,
500 ## - GENERAL NOTE
General note Solar kalathuch saivakovilkalin solra kalvedukkalai atharamakak konda Ayvu
942 ## - Koha item type (Biblio)
Koha item type Books in Stacks (Lending)
Holdings
Lost status Damaged status Collection code Home library Current library Shelving location Date acquired Full call number Accession Number Item type
    Lending WERC Library WERC Library Social Science Cupboard 03/31/2024 294 MAH 6507 Books in Stacks (Lending)

© WERC Library